01561nam a2200169Ia 4500001001300000003001000013008004100023040002500064041000700089100002100096245004700117250001100164260002900175300001200204500113200216650004301348b6465-46446 IT-MiCISF161014s9999||||xx |||||||||||||| ||und|| aIT-MiCISFcIT-MiCISF ait aLombardi Daniela 0aStoria del matrimoniobDal Medioevo a oggi a1a ed. aBolognabIl Mulinoc2008 app. 296 a / matrimonio, storia, società, matrimonio-sacramento, matrimonio-civile, vita-sessuale, chiesa, divorzio, maternità, convivenza / Matrimoni come esito di relazioni d'amore e matrimoni frutto di complicate trattative familiari. Matrimoni osteggiati e matrimoni forzati. Matrimoni regolati dalle consuetudini locali, dalla Chiesa e dallo Stato e matrimoni del tutto secolarizzati dopo la Rivoluzione francese. Matrimoni come controllo della sessualità femminile e della legittima trasmissione dei beni e matrimoni - quelli di oggi - che non rappresentano più una via privilegiata di accesso né alla sessualità né all'eredità. In una limpida e documentata sintesi l'A. ripercorre l'evoluzione storica del matrimonio nell'Europa occidentale dal Medioevo ai nostri giorni. Cambiano le modalità di costruzione e rottura della coppia, le relazioni tra i sessi e tra le generazioni, le aspettative nei confronti del matrimonio, le norme giuridiche che lo regolano. Persiste, tuttavia, la straordinaria propensione di uomini e donne ad adattare i comportamenti matrimoniali e sessuali alle mutate condizioni storiche. a Dinamiche familiari / matrimonioe001